| 000 | 00347nam a2200145 a 4500 | ||
|---|---|---|---|
| 001 | 5468 | ||
| 003 | CDMR | ||
| 005 | 20130313140711.0 | ||
| 008 | 130130s2008||||||||||||||||||||||||||||d | ||
| 040 |
_aCDMR _bcat _cCPC GIRONA |
||
| 245 | 0 | 0 |
_aPress Book _b: january-june 2008 |
| 260 |
_c2008 _bEuropean Union |
||
| 500 | _a(fotocòpies) | ||
| 942 |
_cMON _2udc |
||
| 999 |
_c5468 _d5468 |
||